[Event "Kesarovski Georgiev Memorial 11th"]
[Site "Sunny Beach"]
[Date "2012.09.03"]
[Round "3"]
[White "Raondi, Yan Martin"]
[Black "Zelenka, Jaroslav"]
[Result "0-1"]
[WhiteElo "1682"]
[BlackElo "1978"]
[PlyCount "68"]
[EventDate "2012.09.01"]
[EventType "swiss"]
[EventRounds "9"]
[EventCountry "BUL"]
[SourceTitle "CBM 150 Extra"]
[Source "ChessBase"]
[SourceDate "2012.10.19"]
[SourceVersion "1"]
[SourceVersionDate "2012.10.19"]
[SourceQuality "1"]

1. Nf3 d5 2. d4 e6 3. Bf4 Bd6 4. Bg3 f5 5. e3 Nf6 6. Be2 Ne4 7. Bh4 g5 8. Nxg5 Nxg5 9. Bh5+ Kf8 10. f4 Nf3+ 11. Qxf3 Qxh4+ 12. g3 Qf6 13. g4 c6 14. g5 Qg7 15. Rg1 Bd7 16. Nd2 Be8 17. 0-0-0 Bg6 18. Rg2 Nd7 19. Rdg1 Ke7 20. Qh3 a5 21. a3 a4 22. Be2 Kd8 23. Qh6 Qf7 24. Rg3 Kc7 25. Rh3 b5 26. Bh5 Rag8 27. Be2 Nb6 28. Qh4 b4 29. Kb1 c5 30. Qe1 Ra8 31. Qd1 Qe7 32. axb4 cxb4 33. Bh5 a3 34. b3 a2+ 0-1

[Event "Kesarovski Georgiev Memorial 9th"]
[Site "Sunny Beach"]
[Date "2010.08.28"]
[Round "1"]
[White "Pantev, Veselin"]
[Black "Zelenka, Jaroslav"]
[Result "1-0"]
[WhiteElo "2371"]
[BlackElo "1982"]
[PlyCount "101"]
[EventDate "2010.08.28"]
[EventType "swiss"]
[EventRounds "9"]
[EventCountry "BUL"]
[SourceTitle "CBM 138 Extra"]
[Source "ChessBase"]
[SourceDate "2010.10.29"]
[SourceVersion "1"]
[SourceVersionDate "2010.10.29"]
[SourceQuality "1"]

1. d4 d5 2. Nf3 e6 3. g3 Bd6 4. Bg2 f5 5. c4 c6 6. Bf4 Bxf4 7. gxf4 Nf6 8. Nbd2 0-0 9. Qb3 Qb6 10. c5 Qa5 11. a3 Ne4 12. Qc2 Nxd2 13. Qxd2 Qd8 14. Qe3 Qf6 15. 0-0 h6 16. b4 Bd7 17. Qe5 Be8 18. Qxf6 gxf6 19. Nd2 Bh5 20. f3 Kf7 21. a4 Nd7 22. e4 fxe4 23. fxe4 f5 24. e5 Rg8 25. Ra3 a6 26. Rh3 Kg6 27. Kf2 Bg4 28. Ra3 Kf7 29. Nb3 Nf8 30. Na5 Rb8 31. Ke1 Bh5 32. Rf2 Bg4 33. Rb3 Ng6 34. Bf1 Ne7 35. Rbb2 b6 36. Nb3 b5 37. Ra2 Bh5 38. axb5 axb5 39. Ra7 Ra8 40. Rfa2 Rxa7 41. Rxa7 Kf8 42. Ra8+ Be8 43. Na5 Kg7 44. Ra7 Kf8 45. Ra8 Kg7 46. Be2 Bf7 47. Ra7 Kf8 48. Kf2 Be8 49. Ra8 Kg7 50. Rb8 Bg6 51. Rb7 1-0

[Event "CZE-chT2D 0809"]
[Site "Czech Republic"]
[Date "2009.03.22"]
[Round "10.4"]
[White "Vala, Filip"]
[Black "Zelenka, Jaroslav"]
[Result "1/2-1/2"]
[WhiteElo "2030"]
[BlackElo "2033"]
[PlyCount "21"]
[EventDate "2008.10.12"]
[EventType "team-tourn"]
[EventRounds "11"]
[EventCountry "CZE"]
[SourceTitle "EXT 2010"]
[Source "ChessBase"]
[SourceDate "2010.11.25"]
[SourceVersion "1"]
[SourceVersionDate "2010.11.25"]
[SourceQuality "1"]

1. Nf3 Nf6 2. c4 e6 3. g3 b6 4. Bg2 Bb7 5. 0-0 Be7 6. Nc3 0-0 7. Qc2 c5 8. e4 d6 9. d3 Nc6 10. a3 Rb8 11. h3 1/2-1/2

[Event "CZE-chT2D 0809"]
[Site "Czech Republic"]
[Date "2009.01.25"]
[Round "7.4"]
[White "Zelenka, Jaroslav"]
[Black "Navratil, Frantisek"]
[Result "1/2-1/2"]
[WhiteElo "2033"]
[BlackElo "2262"]
[PlyCount "104"]
[EventDate "2008.10.12"]
[EventType "team-tourn"]
[EventRounds "11"]
[EventCountry "CZE"]
[SourceTitle "EXT 2010"]
[Source "ChessBase"]
[SourceDate "2010.11.25"]
[SourceVersion "1"]
[SourceVersionDate "2010.11.25"]
[SourceQuality "1"]

1. f4 b6 2. Nf3 Bb7 3. g3 c5 4. Bg2 Nc6 5. b3 e6 6. Bb2 d5 7. e3 Nf6 8. 0-0 Bd6 9. d3 Qc7 10. c4 a6 11. Qe2 0-0 12. Bxf6 gxf6 13. e4 dxe4 14. dxe4 Nd4 15. Nxd4 cxd4 16. Nd2 Bc5 17. Qd3 Rad8 18. Nf3 Bc6 19. Nh4 Kh8 20. Rae1 Rg8 21. e5 Bxg2 22. Kxg2 fxe5 23. fxe5 Rg4 24. h3 Rg7 25. Re4 Rdg8 26. g4 h5 27. Rff4 Qb7 28. Kg3 Qc7 29. Rf6 Rh7 30. Nf3 Be7 31. Rff4 hxg4 32. hxg4 Bc5 33. Kg2 Qb7 34. g5 b5 35. Kg3 bxc4 36. bxc4 Qb8 37. Rh4 f5 38. Rxh7+ Kxh7 39. Rh4+ Kg7 40. Rh6 Kf7 41. Qd1 Be7 42. Rh7+ Kf8 43. Qxd4 Bxg5 44. Kf2 Be7 45. Kf1 Qb7 46. Qe3 Ke8 47. Qb3 Qxb3 48. axb3 Bc5 49. Rc7 Rg3 50. Ke2 Rg2+ 51. Kd1 Rg3 52. Ke2 Rg2+ 1/2-1/2

[Event "CZE-chT2D 0809"]
[Site "Czech Republic"]
[Date "2009.01.11"]
[Round "6.4"]
[White "Dvorak, Libor"]
[Black "Zelenka, Jaroslav"]
[Result "1-0"]
[WhiteElo "2138"]
[BlackElo "2033"]
[PlyCount "89"]
[EventDate "2008.10.12"]
[EventType "team-tourn"]
[EventRounds "11"]
[EventCountry "CZE"]
[SourceTitle "EXT 2010"]
[Source "ChessBase"]
[SourceDate "2010.11.25"]
[SourceVersion "1"]
[SourceVersionDate "2010.11.25"]
[SourceQuality "1"]

1. Nf3 d5 2. c4 e6 3. g3 c6 4. Bg2 Bd6 5. d4 Nd7 6. b3 Qe7 7. Bb2 f5 8. Nbd2 Ngf6 9. Ne5 Bxe5 10. dxe5 Ng4 11. Nf3 Qb4+ 12. Qd2 Qxd2+ 13. Nxd2 Ngxe5 14. f4 Ng4 15. Bxg7 Rg8 16. Bd4 b6 17. Rc1 Bb7 18. c5 bxc5 19. Bxc5 Nxc5 20. Rxc5 a5 21. Nf3 Kd7 22. Kd2 Kd6 23. Rhc1 Rg7 24. R1c3 Ra7 25. h3 Nf2 26. Nd4 Ra6 27. Ke1 Ne4 28. Bxe4 dxe4 29. Kf2 Rg8 30. Re5 Bc8 31. a4 Bd7 32. Rcc5 Rga8 33. g4 fxg4 34. hxg4 Rf8 35. Ke3 Rg8 36. g5 Rg6 37. Kxe4 h6 38. gxh6 Rxh6 39. Rxa5 Rxa5 40. Rxa5 Be8 41. Nf3 Bg6+ 42. Kd4 Bc2 43. b4 Bd1 44. Ne5 Bxe2 45. Ra7 1-0

[Event "CZE-chT2D 0809"]
[Site "Czech Republic"]
[Date "2008.11.09"]
[Round "2.4"]
[White "Jedlicka, Lubos"]
[Black "Zelenka, Jaroslav"]
[Result "1-0"]
[WhiteElo "2081"]
[BlackElo "2033"]
[PlyCount "63"]
[EventDate "2008.10.12"]
[EventType "team-tourn"]
[EventRounds "11"]
[EventCountry "CZE"]
[SourceTitle "EXT 2010"]
[Source "ChessBase"]
[SourceDate "2010.11.25"]
[SourceVersion "1"]
[SourceVersionDate "2010.11.25"]
[SourceQuality "1"]

1. c4 e6 2. b3 f5 3. Bb2 Nf6 4. g3 d5 5. Nf3 c6 6. Bg2 Bd6 7. 0-0 0-0 8. d3 Qe7 9. Nbd2 e5 10. a3 f4 11. Qc2 Bg4 12. e4 fxg3 13. fxg3 d4 14. h3 Bd7 15. b4 c5 16. b5 Nh5 17. Kh2 Be6 18. Nb3 Nd7 19. Bc1 Qe8 20. Bd2 Qg6 21. Ng5 Rae8 22. Bf3 Nxg3 23. Rg1 Rxf3 24. Nxf3 Qh5 25. Rxg3 Rf8 26. Rf1 Be7 27. Qd1 h6 28. Rfg1 g5 29. Bxg5 hxg5 30. Rxg5+ Bxg5 31. Rxg5+ Qxg5 32. Nxg5 1-0

[Event "Kesarovski Georgiev Memorial 7th"]
[Site "Sunny Beach"]
[Date "2008.09.14"]
[Round "9"]
[White "Janev, Pavel"]
[Black "Zelenka, Jaroslav"]
[Result "1-0"]
[WhiteElo "1958"]
[BlackElo "2068"]
[PlyCount "49"]
[EventDate "2008.09.08"]
[EventType "swiss"]
[EventRounds "9"]
[EventCountry "BUL"]
[SourceTitle "CBM 126 Extra"]
[Source "ChessBase"]
[SourceDate "2008.11.05"]
[SourceVersion "1"]
[SourceVersionDate "2008.11.05"]
[SourceQuality "1"]

1. e4 c6 2. Nc3 d5 3. Nf3 Bg4 4. h3 Bxf3 5. Qxf3 e6 6. d3 Qf6 7. Qg3 Qd8 8. Be2 Ne7 9. Bd2 Ng6 10. f4 f5 11. 0-0-0 Be7 12. h4 Bxh4 13. Qf3 Nd7 14. g3 Be7 15. g4 dxe4 16. dxe4 Qa5 17. exf5 exf5 18. gxf5 Qxf5 19. Be3 Nf6 20. Bd3 Nh4 21. Rxh4 Qe6 22. f5 Qf7 23. Bf4 0-0-0 24. Qxc6+ bxc6 25. Ba6# 1-0

[Event "Kesarovski Georgiev Memorial 7th"]
[Site "Sunny Beach"]
[Date "2008.09.11"]
[Round "5"]
[White "Demeridis, Nikolaos"]
[Black "Zelenka, Jaroslav"]
[Result "1-0"]
[WhiteElo "1664"]
[BlackElo "2068"]
[PlyCount "119"]
[EventDate "2008.09.08"]
[EventType "swiss"]
[EventRounds "9"]
[EventCountry "BUL"]
[SourceTitle "CBM 126 Extra"]
[Source "ChessBase"]
[SourceDate "2008.11.05"]
[SourceVersion "1"]
[SourceVersionDate "2008.11.05"]
[SourceQuality "1"]

1. d4 d5 2. Nf3 e6 3. e3 Bd6 4. Bd3 f5 5. 0-0 Nd7 6. b3 Ngf6 7. Bb2 c6 8. Ne5 Bxe5 9. dxe5 Ng4 10. h3 Ngxe5 11. Qh5+ Kf8 12. Nd2 Nf6 13. Qg5 Nf7 14. Qg3 h5 15. Nf3 Rg8 16. Ba3+ Ke8 17. Qg6 Ne4 18. Bxe4 fxe4 19. Nd4 Qf6 20. Qxh5 e5 21. Qe2 exd4 22. f3 Qg6 23. exd4 Ng5 24. fxe4 Nxe4 25. c4 Be6 26. cxd5 Bxd5 27. Rf4 Kd7 28. Rg4 Qe6 29. Re1 Rae8 30. Qf3 Qf6 31. Rexe4 Bxe4 32. Rxe4 Rxe4 33. Qxe4 Qe6 34. Qh4 Re8 35. Bb4 b6 36. Qg5 Qf6 37. Qg4+ Kc7 38. Bd2 Kb7 39. Qd7+ Ka6 40. Qxe8 Qxd4+ 41. Qe3 Qa1+ 42. Kh2 Qxa2 43. Qd3+ Kb7 44. Qd7+ Ka6 45. b4 Qc2 46. Qd4 g6 47. Bc3 Kb5 48. Qe5+ Ka4 49. Qf6 Qe4 50. Bd2 Kb5 51. Qf1+ Ka4 52. Qa6+ Kb3 53. Qxa7 Qd3 54. Qf7+ Ka4 55. Qf4 Kb5 56. Qe5+ Ka4 57. Be3 Kxb4 58. Bxb6 Qd7 59. Qd4+ Qxd4 60. Bxd4 1-0

[Event "CZE-chT2d 0607"]
[Site "Czech Republic"]
[Date "2007.04.15"]
[Round "11"]
[White "Bilek, Roman"]
[Black "Zelenka, Jaroslav"]
[Result "0-1"]
[WhiteElo "2047"]
[BlackElo "2085"]
[PlyCount "100"]
[EventDate "2006.10.15"]
[EventType "team"]
[EventRounds "11"]
[EventCountry "CZE"]
[SourceTitle "EXT 2009"]
[Source "ChessBase"]
[SourceDate "2008.11.26"]
[SourceVersion "1"]
[SourceVersionDate "2008.11.26"]
[SourceQuality "1"]

1. d4 d5 2. c4 e6 3. Nc3 f5 4. Nf3 c6 5. Bg5 Be7 6. Bxe7 Qxe7 7. e3 Nf6 8. Bd3 0-0 9. 0-0 Ne4 10. Ne5 Nd7 11. f4 Ndf6 12. Bxe4 fxe4 13. c5 Bd7 14. b4 Be8 15. a4 Nd7 16. b5 Nxe5 17. fxe5 Rxf1+ 18. Qxf1 b6 19. cxb6 axb6 20. bxc6 Bxc6 21. Qf2 b5 22. a5 b4 23. Nd1 Bb5 24. Qb2 Bc4 25. h3 Qb7 26. Kh2 Rb8 27. Qd2 Qa6 28. Nb2 Rb5 29. Ra4 h6 30. Qc2 Rb8 31. Nd1 Qb5 32. Ra1 Ra8 33. Qa4 Qxa4 34. Rxa4 Bb3 35. Rxb4 Bxd1 36. Rb6 Rxa5 37. Rxe6 Ra3 38. Rd6 Bb3 39. e6 Kf8 40. Rd8+ Ke7 41. Rg8 Kxe6 42. Rxg7 Kf6 43. Rg3 Ra1 44. h4 Bd1 45. Rg8 Ra3 46. Rg3 h5 47. Rg5 Ke6 48. Kg3 Rxe3+ 49. Kf4 Rd3 50. Rg6+ Kf7 0-1

[Event "CZE-chT2d 0607"]
[Site "Czech Republic"]
[Date "2007.03.11"]
[Round "9"]
[White "Zelenka, Jaroslav"]
[Black "Rychtecky, Miroslav"]
[Result "1-0"]
[WhiteElo "2085"]
[BlackElo "2072"]
[PlyCount "119"]
[EventDate "2006.10.15"]
[EventType "team"]
[EventRounds "11"]
[EventCountry "CZE"]
[SourceTitle "EXT 2009"]
[Source "ChessBase"]
[SourceDate "2008.11.26"]
[SourceVersion "1"]
[SourceVersionDate "2008.11.26"]
[SourceQuality "1"]

1. f4 e5 2. fxe5 d6 3. Nf3 dxe5 4. e4 Nc6 5. Bb5 Bc5 6. d3 Nf6 7. Bxc6+ bxc6 8. Qe2 0-0 9. Be3 Qe7 10. Nbd2 Rb8 11. Nc4 Nd7 12. Bxc5 Qxc5 13. Qf2 Qxf2+ 14. Kxf2 f6 15. b3 Nb6 16. Nfd2 Be6 17. Ne3 g6 18. g4 Kg7 19. a4 c5 20. Rhg1 h6 21. h4 Nc8 22. Rg3 Nd6 23. Rh1 a6 24. Ke2 Kh7 25. Rf1 Rf7 26. Rgf3 Kg7 27. Kf2 Rd8 28. Kg3 Rff8 29. R3f2 Rf7 30. Nf3 Re8 31. g5 hxg5 32. hxg5 Bc8 33. gxf6+ Rxf6 34. Nd5 Rf7 35. Ng5 Rxf2 36. Rxf2 c6 37. Nb6 Bb7 38. Nd7 Re7 39. Nxc5 Bc8 40. Nf3 Nf7 41. a5 Re8 42. Nd2 Ng5 43. Nc4 Nh3 44. Rh2 Nf4 45. Nd6 Rf8 46. Nxc8 Rxc8 47. Nxa6 Ne6 48. Nb4 c5 49. Nd5 Ra8 50. Ne3 Rxa5 51. Nc4 Ra1 52. Nxe5 Rg1+ 53. Kf2 Rc1 54. Ke3 Kf6 55. Nf3 g5 56. Rg2 Kg6 57. Nh4+ Kh5 58. Nf5 g4 59. Kd2 Rh1 60. Ng3+ 1-0

[Event "CZE-chT2d 0607"]
[Site "Czech Republic"]
[Date "2006.12.03"]
[Round "4"]
[White "Zelenka, Jaroslav"]
[Black "Fojtach, Ivan"]
[Result "1-0"]
[WhiteElo "2085"]
[BlackElo "2025"]
[PlyCount "110"]
[EventDate "2006.10.15"]
[EventType "team"]
[EventRounds "11"]
[EventCountry "CZE"]
[SourceTitle "EXT 2009"]
[Source "ChessBase"]
[SourceDate "2008.11.26"]
[SourceVersion "1"]
[SourceVersionDate "2008.11.26"]
[SourceQuality "1"]

1. f4 e5 2. fxe5 d6 3. Nf3 Bg4 4. e4 dxe5 5. Bb5+ c6 6. Bc4 Nd7 7. d3 Bc5 8. Qe2 Ngf6 9. Bb3 Nh5 10. Nc3 0-0 11. Be3 Bxe3 12. Qxe3 Nf4 13. 0-0 Qb6 14. Qxb6 axb6 15. Nxe5 Ne2+ 16. Nxe2 Nxe5 17. Ng3 g6 18. h3 Be6 19. Bxe6 fxe6 20. Rxf8+ Kxf8 21. a3 Ke7 22. Kf2 Nd7 23. Ke3 e5 24. Rf1 Nc5 25. Kd2 b5 26. c3 Rd8 27. Rf3 Ne6 28. Ne2 Ng5 29. Re3 Rf8 30. h4 Ne6 31. Rf3 Rd8 32. Kc2 Nc5 33. d4 Nxe4 34. Re3 Nd6 35. Rxe5+ Kf6 36. Ng3 Rd7 37. Kd3 Kg7 38. Re2 Rf7 39. Ne4 Nxe4 40. Kxe4 Kh6 41. b3 Kh5 42. c4 bxc4 43. bxc4 Kxh4 44. Rd2 Kg5 45. d5 Re7+ 46. Kd4 Kf4 47. d6 Rd7 48. c5 Kf5 49. g4+ Kxg4 50. Ke5 h5 51. Ke6 Rd8 52. Ke7 Ra8 53. d7 g5 54. d8Q Rxd8 55. Rxd8 h4 1-0

[Event "CZE-chT2d 0607"]
[Site "Czech Republic"]
[Date "2006.11.05"]
[Round "2.6"]
[White "Zelenka, Jaroslav"]
[Black "Fiedler, Bedrich"]
[Result "1/2-1/2"]
[WhiteElo "2085"]
[BlackElo "2173"]
[PlyCount "58"]
[EventDate "2006.10.15"]
[EventType "team"]
[EventRounds "11"]
[EventCountry "CZE"]
[SourceTitle "EXT 2009"]
[Source "ChessBase"]
[SourceDate "2008.11.26"]
[SourceVersion "1"]
[SourceVersionDate "2008.11.26"]
[SourceQuality "1"]

1. f4 g6 2. e4 Bg7 3. Nf3 c5 4. Nc3 d6 5. Bb5+ Bd7 6. Bxd7+ Qxd7 7. d3 Nc6 8. Be3 Nf6 9. Rb1 0-0 10. 0-0 Rab8 11. Ne2 b5 12. Ng3 Ng4 13. Bd2 f5 14. exf5 gxf5 15. h3 Nf6 16. Bc3 b4 17. Bxf6 Bxf6 18. Nh5 e5 19. Qe1 Rbe8 20. Qg3+ Kh8 21. Rbe1 Qf7 22. Nxf6 Qxf6 23. Qg5 Qxg5 24. Nxg5 h6 25. Nf3 e4 26. Nd2 d5 27. Nb3 c4 28. dxc4 dxc4 29. Nc5 Rg8 1/2-1/2